000 00589nab a2200157Ia 4500
003 ES-SlBCS
005 20210601145022.0
008 140529s1991 xxu||||| |||| 00| 0 spa d
041 _aspa
100 1 _aBañuls, Rosa
_9221746
245 0 0 _aLa psicología española a través de la revista Estudios de Psicología: una aproximación bibliométrica
_c Rosa Bañuls, M. J. López Latorre
650 0 4 _aPsicología Española
_9128035
773 0 _tRevista de Historia de la Psicologia
_gvol. 12, nº. 2, 1991, págs. 183-194
_wRev700
700 1 _aLópez Latorre, M. J.
_9307023
942 _cAR
999 _c718085
_d718085